| 000 | 00781nam a22002297a 4500 | ||
|---|---|---|---|
| 005 | 20240530110439.0 | ||
| 008 | 150418s2010 ua g 000 0 ara d | ||
| 017 |
_a2077/22720 _bمصر . دار الكتب المصرية |
||
| 020 | _a9774273125 | ||
| 040 | _aEG-CaGPL | ||
| 082 | 0 | 4 |
_221 _a211\ _bم إ |
| 100 | 0 | _aمبروك عطية . | |
| 245 | 1 | 2 |
_aالاسلام كما عرفه الصحابة / _cمبروك عطية . |
| 250 | _aط1. | ||
| 260 |
_aالقاهرة : _bالدار المصرية اللبنانية ، _c2010. |
||
| 300 |
_a255 ص ؛ _c24 سم. |
||
| 650 | 0 | 4 | _aالصحابة والتابعون. |
| 650 | 0 | 4 |
_aالاسلام _xمبادئ العامة. |
| 650 | 0 | 4 | _aالاسلام. |
| 942 |
_2ddc _cBK |
||
| 999 |
_c61013 _d61013 |
||